Úhrada za dobývací priestor ako daň z používania služieb a z povolenia na výkon činnosti bakalárska práca

Saved in:
Bibliographic Details
Main Author: Bobeková, Gabriela
Corporate Author: Národohospodárska fakulta EU. Katedra financií
Other Authors: Beličková, Kornélia, 1966-
Format: Book
Language:Slovak
Published: Bratislava 2025
Tags: Add Tag
No Tags, Be the first to tag this record!

MARC

LEADER 00000nbm a2200000 4500
001 0309130
005 20260119104332.8
041 0 |a slo 
044 |a SK 
245 1 0 |a Úhrada za dobývací priestor ako daň z používania služieb a z povolenia na výkon činnosti  |b bakalárska práca  |c Gabriela Bobeková ; školiteľ: Kornélia Beličková 
264 1 |a Bratislava  |c 2025 
300 |a 34 s. 
100 1 |a Bobeková, Gabriela 
700 1 |a Beličková, Kornélia, 1966- 
710 2 |a Národohospodárska fakulta EU. Katedra financií